Statistics for 1969 Year in Review

Click here to take the quiz!

General Stats

  • This quiz has been taken 75 times
    (64 since last reset)
  • The average score is 11 of 14

Answer Stats

HintAnswer% Correct
The US starts recruitment for this warThe Vietnam War
98%
This celestial body is first stepped onMoon
97%
Lyndon B. Johnson is succeeded by this presidentRichard Nixon
95%
Sirhan Sirhan admits the assassination of this US Presidential canidateRobert Kennedy
95%
This band played together for the last time for an impromptu gig on the rooftop of Apple building 3 years after their last concertThe Beatles
95%
This famous music festival is held in Bethel, New YorkWoodstock
90%
A military coup thrown by Muammar Gaddafi occurs in this Saharan countryLibya
86%
This Vietnam president with a city named after him diesHo Chi Minh
83%
This French president resignsCharles de Gaulle
75%
This US President dies on March 28Dwight D. Eisenhower
71%
The above band releases this album of a street in LondonAbbey Road
69%
This world's largest airplane takes flight for the first timeBoeing 747
68%
The first movement for these rights occurred in New York; also known as the Stonewall RiotsGay Rights
68%
This United Nations organization founded in 1919 devoted to promoting social justice earns the Nobel PrizeInternational Labour Organization
5%

Score Distribution

Percentile by Number Answered

Percent of People with Each Score

Your Score History

You have not taken this quiz since the last reset